<?xml version="1.0" encoding="UTF-8"?>
<record
    xmlns:xsi="http://www.w3.org/2001/XMLSchema-instance"
    xsi:schemaLocation="http://www.loc.gov/MARC21/slim http://www.loc.gov/standards/marcxml/schema/MARC21slim.xsd"
    xmlns="http://www.loc.gov/MARC21/slim">

  <leader>02877cam a2200397 i 4500</leader>
  <controlfield tag="003">DO-SdBNP</controlfield>
  <controlfield tag="005">20231004135443.0</controlfield>
  <controlfield tag="007">ta</controlfield>
  <controlfield tag="008">751003s2015    sp            000 f spa d</controlfield>
  <datafield tag="020" ind1=" " ind2=" ">
    <subfield code="a">9788425393815</subfield>
  </datafield>
  <datafield tag="040" ind1=" " ind2=" ">
    <subfield code="a">DO-SdBNP</subfield>
    <subfield code="b">spa</subfield>
    <subfield code="c">BNPHU</subfield>
    <subfield code="e">rda</subfield>
  </datafield>
  <datafield tag="082" ind1=" " ind2="4">
    <subfield code="b">J27</subfield>
    <subfield code="2">22</subfield>
    <subfield code="a">823</subfield>
  </datafield>
  <datafield tag="100" ind1="1" ind2=" ">
    <subfield code="a">James, E. L.</subfield>
    <subfield code="d">1963-</subfield>
    <subfield code="q">Erika Leonard Mitchell,</subfield>
    <subfield code="9">84367</subfield>
  </datafield>
  <datafield tag="240" ind1="1" ind2="0">
    <subfield code="a">Grey /</subfield>
    <subfield code="l">Espa&#xF1;ol </subfield>
  </datafield>
  <datafield tag="245" ind1="1" ind2="0">
    <subfield code="a">Grey /</subfield>
    <subfield code="c">E. L. James ; traducci&#xF3;n Anuvela  </subfield>
  </datafield>
  <datafield tag="246" ind1="1" ind2=" ">
    <subfield code="a">Grey :</subfield>
    <subfield code="b">cincuenta sobras de Grey contada por Christian /</subfield>
  </datafield>
  <datafield tag="264" ind1=" " ind2="1">
    <subfield code="a">Barcelona, Espa&#xF1;a :</subfield>
    <subfield code="b">Penguin Random House, </subfield>
    <subfield code="b">Grijalbo</subfield>
    <subfield code="c">2015.</subfield>
  </datafield>
  <datafield tag="300" ind1=" " ind2=" ">
    <subfield code="a">636 p&#xE1;ginas</subfield>
    <subfield code="c">23 cm.</subfield>
  </datafield>
  <datafield tag="336" ind1=" " ind2=" ">
    <subfield code="2">rdacontent</subfield>
    <subfield code="a">texto</subfield>
    <subfield code="b">txt</subfield>
  </datafield>
  <datafield tag="337" ind1=" " ind2=" ">
    <subfield code="2">rdamedia</subfield>
    <subfield code="a">sin mediaci&#xF3;n </subfield>
    <subfield code="b">n</subfield>
  </datafield>
  <datafield tag="338" ind1=" " ind2=" ">
    <subfield code="2">rdacarrier</subfield>
    <subfield code="a">volumen</subfield>
    <subfield code="b">nc</subfield>
  </datafield>
  <datafield tag="500" ind1=" " ind2=" ">
    <subfield code="a">Incluye datos biogr&#xE1;ficos de la autora en la solapa de la contracubierta. </subfield>
  </datafield>
  <datafield tag="500" ind1=" " ind2=" ">
    <subfield code="a">El papel utilizado para la impresi&#xF3;n de este libro ha sido fabricado a partir de madera procedente de bosques y plantaciones gestionados con los m&#xE1;s altos est&#xE1;ndares ambientales, garantizando una explotaci&#xF3;n de los recursos sostenible con el medio ambiente y beneficiosa para las personas. Por este motivo, Greenpeace acredita que este libro cumple los requisitos ambientales y sociales necesarios para ser considerado un libro &#xA8;amigo de los bosques&#xA8;, que promueve la conservaci&#xF3;n y el uso sostenible de los bosques, en especial de los Bosques Primarios, los &#xFA;ltimos bosques v&#xED;rgenes del planeta. </subfield>
  </datafield>
  <datafield tag="520" ind1=" " ind2=" ">
    <subfield code="a">Christian Grey ejerce control en todas las cosas; su mundo es ordenado, disciplinado y completamente vac&#xED;o, hasta el d&#xED;a en que Anastasia Steele cae en su oficina, en una mara&#xF1;a de extremidades torneadas y cabello casta&#xF1;o alborotado. Intenta olvidarla, pero se ve arrastrado por una tormenta de emociones que no puede comprender ni resistir. A diferencia de cualquier mujer que haya conocido antes, la t&#xED;mida y poco mundana Ana parece ver a trav&#xE9;s de &#xE9;l: m&#xE1;s all&#xE1; del prodigio de los negocios y el estilo de vida de un &#xE1;tico, llega al coraz&#xF3;n fr&#xED;o y herido de Christian. &#xBF;Estar con Ana disipar&#xE1; los horrores de su infancia que persiguen a Christian todas las noches? &#xBF;O sus oscuros deseos sexuales, su compulsi&#xF3;n por controlar y el autodesprecio que llena su alma alejar&#xE1;n a esta chica y destruir&#xE1;n la fr&#xE1;gil esperanza que ella le ofrece?</subfield>
  </datafield>
  <datafield tag="590" ind1=" " ind2=" ">
    <subfield code="a">Inventariado, 2023/ YL</subfield>
  </datafield>
  <datafield tag="650" ind1=" " ind2="4">
    <subfield code="a">Dominio y sumisi&#xF3;n sexual</subfield>
    <subfield code="v">Ficci&#xF3;n.</subfield>
    <subfield code="9">84368</subfield>
  </datafield>
  <datafield tag="650" ind1=" " ind2="4">
    <subfield code="a">Control (Psicolog&#xED;a)</subfield>
    <subfield code="v">Ficci&#xF3;n.</subfield>
    <subfield code="9">84369</subfield>
  </datafield>
  <datafield tag="650" ind1=" " ind2="4">
    <subfield code="a">Hijos de prostitutas</subfield>
    <subfield code="v">Ficci&#xF3;n.</subfield>
    <subfield code="9">84370</subfield>
  </datafield>
  <datafield tag="650" ind1=" " ind2="4">
    <subfield code="a">Adultos v&#xED;ctimas de abuso infantil</subfield>
    <subfield code="v">Ficci&#xF3;n.</subfield>
    <subfield code="9">84371</subfield>
  </datafield>
  <datafield tag="650" ind1=" " ind2="4">
    <subfield code="a">Empresarios</subfield>
    <subfield code="v">Ficci&#xF3;n.</subfield>
    <subfield code="9">84372</subfield>
  </datafield>
  <datafield tag="650" ind1=" " ind2="4">
    <subfield code="a">Estudiantes universitarios</subfield>
    <subfield code="v">Ficci&#xF3;n.</subfield>
    <subfield code="9">84373</subfield>
  </datafield>
  <datafield tag="651" ind1=" " ind2=" ">
    <subfield code="a">Seattle (Washington)</subfield>
    <subfield code="v">Ficci&#xF3;n.</subfield>
    <subfield code="9">84374</subfield>
  </datafield>
  <datafield tag="710" ind1=" " ind2=" ">
    <subfield code="a">Anuvela</subfield>
    <subfield code="e">traducci&#xF3;n </subfield>
    <subfield code="9">84375</subfield>
  </datafield>
  <datafield tag="910" ind1=" " ind2=" ">
    <subfield code="a">Ylockward</subfield>
  </datafield>
  <datafield tag="942" ind1=" " ind2=" ">
    <subfield code="2">ddc</subfield>
    <subfield code="c">LBS1</subfield>
  </datafield>
  <datafield tag="952" ind1=" " ind2=" ">
    <subfield code="0">0</subfield>
    <subfield code="1">0</subfield>
    <subfield code="2">ddc</subfield>
    <subfield code="5">6</subfield>
    <subfield code="7">0</subfield>
    <subfield code="8">GR</subfield>
    <subfield code="a">BNPHU</subfield>
    <subfield code="b">BNPHU</subfield>
    <subfield code="c">CT</subfield>
    <subfield code="d">2019-03-02</subfield>
    <subfield code="e">Librer&#xED;a Cuesta</subfield>
    <subfield code="l">0</subfield>
    <subfield code="o">BNPHU GR J27 823</subfield>
    <subfield code="p">2023-6659</subfield>
    <subfield code="r">2023-10-04</subfield>
    <subfield code="w">2023-10-04</subfield>
    <subfield code="y">LBS1</subfield>
  </datafield>
  <datafield tag="952" ind1=" " ind2=" ">
    <subfield code="0">0</subfield>
    <subfield code="1">0</subfield>
    <subfield code="2">ddc</subfield>
    <subfield code="5">6</subfield>
    <subfield code="7">0</subfield>
    <subfield code="8">GR</subfield>
    <subfield code="a">BNPHU</subfield>
    <subfield code="b">BNPHU</subfield>
    <subfield code="c">CT</subfield>
    <subfield code="d">2019-03-02</subfield>
    <subfield code="e">Librer&#xED;a Cuesta</subfield>
    <subfield code="l">0</subfield>
    <subfield code="o">BNPHU GR J27 823</subfield>
    <subfield code="p">2023-6660</subfield>
    <subfield code="r">2023-10-04</subfield>
    <subfield code="t">e. 2</subfield>
    <subfield code="w">2023-10-04</subfield>
    <subfield code="y">LBS1</subfield>
  </datafield>
  <datafield tag="952" ind1=" " ind2=" ">
    <subfield code="0">0</subfield>
    <subfield code="1">0</subfield>
    <subfield code="2">ddc</subfield>
    <subfield code="5">6</subfield>
    <subfield code="7">0</subfield>
    <subfield code="8">GR</subfield>
    <subfield code="a">BNPHU</subfield>
    <subfield code="b">BNPHU</subfield>
    <subfield code="c">CT</subfield>
    <subfield code="d">2019-03-02</subfield>
    <subfield code="e">Librer&#xED;a Cuesta</subfield>
    <subfield code="l">0</subfield>
    <subfield code="o">BNPHU GR J27 823</subfield>
    <subfield code="p">2023-6661</subfield>
    <subfield code="r">2023-10-04</subfield>
    <subfield code="t">e. 3</subfield>
    <subfield code="w">2023-10-04</subfield>
    <subfield code="y">LBS1</subfield>
  </datafield>
  <datafield tag="999" ind1=" " ind2=" ">
    <subfield code="c">55070</subfield>
    <subfield code="d">55070</subfield>
  </datafield>
</record>
